000
00271nam a2200085Ia 4500
008
220120s9999||||xx |||||||||||||| ||und||
100
_a
NAMRATHA B
_9
12175
245
0
_a
Citizen id using smart card and microcontroller
260
_a
Coorg Institute of Technology
_b
Ponnampet
_c
2009
999
_c
137761
_d
137761